000 00625nam a2200265Ia 4500
005 20260306163937.0
008 008 260114s9999 xx 000 0 eng d
020 _a9781529212792
037 _aEBOOK
040 _aCRL
040 _beng
040 _cCRL
041 _2eng
041 _aeng
084 _qCRL
100 _aIliadou
_91129683
245 0 _aBorder Harms And Everyday Violence: A Prison Island In Europe
260 _bThe Policy Press
260 _c2024
650 _aLaw
856 _uhttps://academic.oup.com/book/56536
942 _cEBOOK
999 _c1712114
_d1712114